<?xml version="1.0" encoding="UTF-8"?><?xml-stylesheet type="text/xsl" href="static/style.xsl"?><OAI-PMH xmlns="http://www.openarchives.org/OAI/2.0/" xmlns:xsi="http://www.w3.org/2001/XMLSchema-instance" xsi:schemaLocation="http://www.openarchives.org/OAI/2.0/ http://www.openarchives.org/OAI/2.0/OAI-PMH.xsd"><responseDate>2026-05-14T11:07:03Z</responseDate><request verb="GetRecord" identifier="oai:riubu.ubu.es:10259/8080" metadataPrefix="marc">https://riubu.ubu.es/oai/request</request><GetRecord><record><header><identifier>oai:riubu.ubu.es:10259/8080</identifier><datestamp>2023-11-22T01:05:32Z</datestamp><setSpec>com_10259_6229</setSpec><setSpec>com_10259_4534</setSpec><setSpec>com_10259.4_106</setSpec><setSpec>com_10259_2604</setSpec><setSpec>col_10259_6230</setSpec></header><metadata><record xmlns="http://www.loc.gov/MARC21/slim" xmlns:doc="http://www.lyncode.com/xoai" xmlns:xsi="http://www.w3.org/2001/XMLSchema-instance" xmlns:dcterms="http://purl.org/dc/terms/" xsi:schemaLocation="http://www.loc.gov/MARC21/slim http://www.loc.gov/standards/marcxml/schema/MARC21slim.xsd">
<leader>00925njm 22002777a 4500</leader>
<datafield tag="042" ind1=" " ind2=" ">
<subfield code="a">dc</subfield>
</datafield>
<datafield tag="720" ind1=" " ind2=" ">
<subfield code="a">Alonso Mallo, Isaías</subfield>
<subfield code="e">author</subfield>
</datafield>
<datafield tag="720" ind1=" " ind2=" ">
<subfield code="a">Cano, Begoña</subfield>
<subfield code="e">author</subfield>
</datafield>
<datafield tag="720" ind1=" " ind2=" ">
<subfield code="a">Reguera López, Nuria</subfield>
<subfield code="e">author</subfield>
</datafield>
<datafield tag="260" ind1=" " ind2=" ">
<subfield code="c">2019-09</subfield>
</datafield>
<datafield tag="520" ind1=" " ind2=" ">
<subfield code="a">In this paper, we suggest a technique to avoid order reduction in time when integrating reaction–diffusion boundary value problems under non-homogeneous boundary conditions with exponential splitting methods. More precisely, we consider Lie–Trotter and Strang splitting methods and Dirichlet, Neumann and Robin boundary conditions. Beginning from an abstract framework in Banach spaces, a thorough error analysis after full discretization is performed and some numerical results are shown which corroborate the theoretical results.</subfield>
</datafield>
<datafield tag="024" ind2=" " ind1="8">
<subfield code="a">0377-0427</subfield>
</datafield>
<datafield tag="024" ind2=" " ind1="8">
<subfield code="a">http://hdl.handle.net/10259/8080</subfield>
</datafield>
<datafield tag="024" ind2=" " ind1="8">
<subfield code="a">10.1016/j.cam.2019.02.023</subfield>
</datafield>
<datafield ind1=" " ind2=" " tag="653">
<subfield code="a">Exponential splitting</subfield>
</datafield>
<datafield ind1=" " ind2=" " tag="653">
<subfield code="a">Order reduction</subfield>
</datafield>
<datafield ind1=" " ind2=" " tag="653">
<subfield code="a">Initial boundary value problem</subfield>
</datafield>
<datafield tag="245" ind1="0" ind2="0">
<subfield code="a">Avoiding order reduction when integrating reaction–diffusion boundary value problems with exponential splitting methods</subfield>
</datafield>
</record></metadata></record></GetRecord></OAI-PMH>